000 00333nam a2200145Ia 4500
008 200103s9999||||xx |||||||||||||| ||und||
020 _a0553202294,
040 _aIMU-MPC
082 _aColumn-65
100 _aGoodman, Linda
245 0 _aSun Signs
260 _bBantam Books, New York
_c1981
300 _axxiv, 484
942 _cBK
999 _c11500
_d11500